| 000 | 02173cam a2200577 a 4500 | ||
|---|---|---|---|
| 001 | 20434 | ||
| 003 | VRT | ||
| 005 | 20260122140110.0 | ||
| 008 | 240226s1999 xo gr 000 0 slo | ||
| 015 | _aSNBA2004/03-02120 | ||
| 020 | _a8088834457 | ||
| 035 | _aSNK000406357 | ||
| 035 | _aurn:nbn:sk:snk-am3iwjg | ||
| 035 | _aFA3F3AA4-D302-4E34-8D8E-FED1BEDA1D6F | ||
| 035 | _aurn:nbn:sk:snk-am00g55u | ||
| 039 | 9 |
_a202402261925 _bVLOAD _c202208112043 _dAUTHORITY _c202201070905 _dVLOAD _c202201051645 _dVLOAD |
|
| 040 |
_aSNK _bslo _cSNK _eAACR2 |
||
| 041 | 1 |
_aslo _hger |
|
| 044 |
_axo _cSK |
||
| 072 | 7 |
_a14 _xFilozofické systémy a hľadiská _2konspekt |
|
| 080 |
_a14(430) _22011 |
||
| 080 |
_a930.1 _22011 |
||
| 080 |
_a(049) _22011 |
||
| 100 | 1 |
_aHegel, Georg Wilhelm Friedrich, _d1770-1831 _4aut |
|
| 245 | 1 | 0 |
_aČistý rozum _bvybrané spisy _cGeorg Wilhelm Fridrich Hegel, Immanuel Kant ; preložil: Teodor Münz |
| 250 | _a[1. vydanie] | ||
| 260 |
_aRohovce _bInterpopulart Slovakia _c[1999] |
||
| 300 |
_a113 s. _c21 cm |
||
| 490 | 1 | _aPopulart. Klasicistická literatúra | |
| 490 | 1 |
_aŠtudentská knižnica _v46 |
|
| 500 | _aPravdepodobne preložené z nemčiny | ||
| 504 | _aObsahuje bibliografiu ; bibliografické odkazy | ||
| 600 | 1 | 7 |
_aKant, Immanuel, _d1724-1804 _2SNKMA |
| 600 | 1 | 7 |
_aHegel, Georg Wilhelm Friedrich, _d1770-1831 _2SNKMA |
| 650 | 0 | 7 |
_anemecká klasická filozofia _2SNKPH |
| 650 | 0 | 7 |
_afilozofia dejín _2SNKPH |
| 650 | 0 | 7 |
_aGerman philosophy _2SNKPHeng |
| 650 | 0 | 7 |
_aPhilosophy of history _2SNKPHeng |
| 655 | 7 |
_arozpravy _2SNKPH |
|
| 655 | 7 |
_aEssays _2SNKPHeng |
|
| 700 | 1 |
_aMünz, Teodor, _d1926-2022 _4trl |
|
| 830 | 0 |
_aPopulart _pKlasicistická literatúra |
|
| 830 | 0 | _aŠtudentská knižnica | |
| 910 | _asnk | ||
| 942 |
_2ddc _cKLDO _n0 |
||
| 949 |
_617A1531218 _asnkSC 111090 D1 _bsnk2024/7588 _o149/24 - em |
||
| 949 |
_6270001000003166 _asvkbbA 94685-a _bsvkbbm 613248 |
||
| 949 |
_6270001000003167 _asvkbbA 94685 _bsvkbbm 612602 _ooprava väzby |
||
| 949 |
_617A0378274 _asnkSC 111090 _bsnkKSP 3918/2003 _s6100:20210419 |
||
| 949 |
_63830001112445 _akurukB18/424 _bkuruk2016/F5569 _oD2016/študentka SJ/október 2014 |
||
| 999 |
_c20434 _d20434 |
||